futbolistas mexicanos con más partidos en La Liga - Estadísticas

Estadísticas generales
  • Esta prueba ha sido intentada 285 veces
  • La puntuación promedio es 6 de 10
Estadísticas de respuestas
Años en La Liga Equipo/Equipos Partidos Jugador % Correcto
1981-1992/ 1993-1994 Atlético de Madrid/ Real Madrid/ Rayo Vallecano 347 Hugo Sánchez
88%
2007-2014/ 2017-Actualidad RC Deportivo/ Valencia CF/ Real Betis 315 Guardado
81%
2007-2008/ 2011-2018 CA Osasuna/ Real Sociedad 252 Carlos Vela
79%
2003-2010 FC Barcelona 163 Márquez
78%
2007-2008/ 2011-2015 FC Barcelona/ Racing Santander/ RCD Mallorca/ Villarreal CF 130 Giovani Dos Santos
64%
2009-2016 FC Barcelona/ Villarreal CF 103 Jonathan Dos Santos
64%
2018-2022 Celta de Vigo 133 Araújo
35%
2011-2015/ 2018-2019 RCD Espanyol/ Real Sociedad 151 Héctor Moreno
32%
2015-2017/ 2019 Real Sociedad/ RCD Espanyol/ CD Leganés 67 Diego Reyes
18%
2006-2009 Villarreal CF 81 Guille Franco
12%
No se encontraron pruebas coincidentes
Distribución de puntuación
Porcentaje de gente con cada puntuación
Porcentaje por número respondido
Historial de tus puntuaciones
No has intentado esta prueba.